000 00348nam a2200133Ia 4500
008 151213s9999 xx 000 0 und d
100 _aP.H Parry
245 _aYork Notes on Selected Poems:William Wards Warth
_cP.H Parry
260 _aHarlow Essax
_bLongman
_c1982
300 _a1895 p.
650 _aEnglish
700 _aP.H Parry
999 _c1400
_d1400